GMAT Premium Prep 2023 (Record no. 2091)
[ view plain ]
| 000 -LEADER | |
|---|---|
| fixed length control field | 00276nam a2200133Ia 4500 |
| 008 - FIXED-LENGTH DATA ELEMENTS--GENERAL INFORMATION | |
| fixed length control field | 230523s9999 xx 000 0 und d |
| 100 ## - MAIN ENTRY--PERSONAL NAME | |
| Main Author Name | Princeton |
| 245 #0 - TITLE STATEMENT | |
| Title | GMAT Premium Prep 2023 |
| 260 ## - PUBLICATION, DISTRIBUTION, ETC. | |
| Place of publication | N.Y. |
| 260 ## - PUBLICATION, DISTRIBUTION, ETC. | |
| publisher Name | Penguin |
| 260 ## - PUBLICATION, DISTRIBUTION, ETC. | |
| Date of publication | 2022 |
| 300 ## - PHYSICAL DESCRIPTION | |
| Number Of Page | 917 |
| 942 ## - ADDED ENTRY ELEMENTS (KOHA) | |
| Koha item type | Reference Book |
| Lost status | Not for loan | Home library | Current library | Date last seen | Koha item type | School | Total Checkouts | Barcode | Date due | Date last checked out | Cost, replacement price | Price effective from | Withdrawn status | Date acquired | Source of acquisition | Cost, normal purchase price | Discount | Bill Date | Bill No | Net Amount |
|---|---|---|---|---|---|---|---|---|---|---|---|---|---|---|---|---|---|---|---|---|
| BGU Central Library | BGU Central Library | 03/12/2025 | Reference Book | School of Social Science & Humanities | 4 | 11808 | 28/02/2026 | 03/12/2025 | 1209.00 | 23/05/2023 | 15/11/2022 | Amazon (Online) | 1209.00 | 2022-11-09 | 10173 | 1209.00 |

2cqr automation private limited, Chennai. All Rights Reserved.